000 00697nam a2200241Ia 4500
003 OSt
005 20221005124047.0
006 a|||||r|||| 00| 0
007 ta
008 221004b |||||||| |||| 00| 0 urd d
020 _c28
024 _a121554
037 _b5728/7, 13/03/2010, Modern Publishing House
_cTextual
040 _aCRL
_cCRL
_burd
041 _2urd
_aurd
082 _aO168,N25:g(Y:1), L3
100 _aHasan
_9191003
245 0 _aMashriq aur maghrib mein tanqeedi tasavvurat
260 _c1973
650 _aURDU LITERATURE
942 _hO168,N25:g(Y:1), L3
_cTEXL
_2cc
999 _c1049345
_d1049345